Frauengeschichte - Geschlechtergeschichte
| Contributors: | ; |
|---|---|
| Format: | Print Book |
| Language: | German |
| Published: |
Frankfurt New York
Campus Verlag
[1992]
|
| In: |
Reihe "Geschichte und Geschlechter" (Band 1)
Year: 1992 |
| Online Access: |
Table of Contents Table of Contents |
| Check availability: | HBZ Gateway |
| Subito Delivery Service: | Order now. |
| Keywords: |
MARC
| LEADER | 00000cam a2200000 c 4500 | ||
|---|---|---|---|
| 001 | 025615084 | ||
| 003 | DE-627 | ||
| 005 | 20260206192706.0 | ||
| 007 | tu | ||
| 008 | 921105s1992 gw ||||| 00| ||ger c | ||
| 015 | |a 92,N35,0847 |2 dnb | ||
| 016 | 7 | |a 921110103 |2 DE-101 | |
| 020 | |a 3593346702 |9 3-593-34670-2 | ||
| 035 | |a (DE-627)025615084 | ||
| 035 | |a (DE-603)021497923 | ||
| 035 | |a (DE-576)029117690 | ||
| 035 | |a (DE-599)GBV025615084 | ||
| 035 | |a (OCoLC)243727446 | ||
| 035 | |a (OCoLC)243727446 | ||
| 035 | |a (OCoLC)30782810 | ||
| 035 | |a (DE-604)805575502x | ||
| 035 | |a (DE-H357)his10254 | ||
| 040 | |a DE-627 |b ger |c DE-627 |e rda | ||
| 041 | |a ger | ||
| 044 | |c XA-DE-HE |c XD-US | ||
| 050 | 0 | |a HQ1121 | |
| 060 | 0 | |a HQ 1121 | |
| 082 | 0 | |a 305.409 |q OCLC | |
| 082 | 0 | 4 | |a 64 |q dnb |
| 084 | |a S 558 |2 sfb | ||
| 084 | |a S 580 |2 sfb | ||
| 084 | |a 64 |2 sdnb | ||
| 084 | |a LB 44000 |2 rvk |0 (DE-625)rvk/90559:772 | ||
| 084 | |a NW 8100 |2 rvk |0 (DE-625)rvk/132305: | ||
| 084 | |a MS 3000 |2 rvk |0 (DE-625)rvk/123652: | ||
| 084 | |a MS 2850 |2 rvk |0 (DE-625)rvk/123647: | ||
| 084 | |a 71.31 |2 bkl | ||
| 084 | |a 71.33 |2 bkl | ||
| 245 | 0 | 0 | |a Frauengeschichte - Geschlechtergeschichte |c Karin Hausen; Heide Wunder (Hg.) |
| 264 | 1 | |a Frankfurt |a New York |b Campus Verlag |c [1992] | |
| 264 | 4 | |c © 1992 | |
| 300 | |a 183 Seiten |b Illustrationen |c 23 cm | ||
| 336 | |a Text |b txt |2 rdacontent | ||
| 337 | |a ohne Hilfsmittel zu benutzen |b n |2 rdamedia | ||
| 338 | |a Band |b nc |2 rdacarrier | ||
| 490 | 1 | |a Reihe Geschichte und Geschlechter |v Band 1 | |
| 500 | |a Literaturangaben | ||
| 648 | 7 | |a Geschichte 1400-1850 |2 gnd | |
| 650 | 2 | |a Gender Identity |x Europe |x history | |
| 650 | 0 | 7 | |0 (DE-588)4018202-2 |0 (DE-627)104270705 |0 (DE-576)208923209 |a Frau |2 gnd |
| 650 | 0 | 7 | |0 (DE-588)4181935-4 |0 (DE-627)105314234 |0 (DE-576)210008040 |a Soziale Stellung |2 gnd |
| 650 | 0 | 7 | |0 (DE-588)4071776-8 |0 (DE-627)104509104 |0 (DE-576)209184876 |a Geschlechterrolle |2 gnd |
| 650 | 4 | |a Frauengeschichte | |
| 650 | 4 | |a Geschlechterverhältnis | |
| 650 | 4 | |a Geschlechtergeschichte | |
| 650 | 4 | |a Öffentlichkeit | |
| 650 | 4 | |a Privatheit | |
| 650 | 4 | |a Sozialgeschichte | |
| 650 | 4 | |a Frau | |
| 650 | 4 | |a Geschlechtsunterschied | |
| 650 | 4 | |a Hausen, Wunder, Heide, Ehre, Frauen, Geschlechtsidentität | |
| 653 | 0 | |a Women |a History | |
| 653 | 0 | |a Sex role |a History | |
| 655 | 7 | |a Aufsatzsammlung |0 (DE-588)4143413-4 |0 (DE-627)105605727 |0 (DE-576)209726091 |2 gnd-content | |
| 689 | 0 | 0 | |d s |0 (DE-588)4071776-8 |0 (DE-627)104509104 |0 (DE-576)209184876 |a Geschlechterrolle |2 gnd |
| 689 | 0 | 1 | |a z |2 gnd |a Geschichte 1400-1800 |
| 689 | 0 | |5 DE-101 | |
| 689 | 1 | 0 | |d s |0 (DE-588)4018202-2 |0 (DE-627)104270705 |0 (DE-576)208923209 |a Frau |2 gnd |
| 689 | 1 | 1 | |d s |0 (DE-588)4181935-4 |0 (DE-627)105314234 |0 (DE-576)210008040 |a Soziale Stellung |2 gnd |
| 689 | 1 | 2 | |a z |2 gnd |a Geschichte 1450-1850 |
| 689 | 1 | |5 DE-101 | |
| 689 | 2 | 0 | |d s |0 (DE-588)4071776-8 |0 (DE-627)104509104 |0 (DE-576)209184876 |a Geschlechterrolle |2 gnd |
| 689 | 2 | 1 | |a z |2 gnd |a Geschichte 1400-1800 |
| 689 | 2 | |5 (DE-627) | |
| 689 | 3 | 0 | |d s |0 (DE-588)4018202-2 |0 (DE-627)104270705 |0 (DE-576)208923209 |a Frau |2 gnd |
| 689 | 3 | 1 | |d s |0 (DE-588)4181935-4 |0 (DE-627)105314234 |0 (DE-576)210008040 |a Soziale Stellung |2 gnd |
| 689 | 3 | 2 | |a z |2 gnd |a Geschichte 1450-1850 |
| 689 | 3 | |5 (DE-627) | |
| 700 | 1 | |a Hausen, Karin |d 1938- |e HerausgeberIn |0 (DE-588)120489627 |0 (DE-627)080707408 |0 (DE-576)161332226 |4 edt | |
| 700 | 1 | |a Wunder, Heide |d 1939- |e HerausgeberIn |0 (DE-588)120999803 |0 (DE-627)081020864 |0 (DE-576)163632316 |4 edt | |
| 830 | 0 | |a Reihe "Geschichte und Geschlechter" |v Band 1 |9 1 |w (DE-627)30246574X |w (DE-576)03018553X |w (DE-600)1388469-4 |7 am | |
| 856 | 4 | 2 | |u http://www.gbv.de/dms/hebis-darmstadt/toc/21497923.pdf |m V:DE-603 |m B:DE-17 |q pdf/application |x Verlag |y Inhaltsverzeichnis |3 Inhaltsverzeichnis |7 1 |
| 856 | 4 | 2 | |u http://scans.hebis.de/HEBCGI/show.pl?02149792_toc.pdf |m V:DE-603;B:DE-17 |q application/pdf |3 Inhaltsverzeichnis |7 1 |
| 936 | r | v | |a LB 44000 |b Darstellung ohne geografischen Bezug |k Sozial- und Kulturanthropologie. Empirische Kulturwissenschaft |k Soziale und politische Organisation und Praxis |k Ethnologische Geschlechter- und Sexualitätsforschung |k Darstellung ohne geografischen Bezug |0 (DE-627)1271484374 |0 (DE-625)rvk/90559:772 |0 (DE-576)201484374 |
| 936 | r | v | |a NW 8100 |b Frauen |k Geschichte |k Wirtschafts- und Sozialgeschichte |k Spezielle Sozialgeschichte |k Einzelne Stände und Gesellschaftsgruppen |k Frauen |0 (DE-627)1270766740 |0 (DE-625)rvk/132305: |0 (DE-576)200766740 |
| 936 | r | v | |a MS 3000 |b Allgemeines |k Soziologie |k Spezielle Soziologien |k Soziologische Geschlechterforschung (Gender Studies) |k Spezielle Forschungsgebiete der soziologischen Geschlechterforschung |k Allgemeines |0 (DE-627)1270705695 |0 (DE-625)rvk/123652: |0 (DE-576)200705695 |
| 936 | r | v | |a MS 2850 |b Geschlechterrolle und Sexualverhalten |k Soziologie |k Spezielle Soziologien |k Soziologische Geschlechterforschung (Gender Studies) |k Geschlechterrolle und Sexualverhalten |0 (DE-627)1271156059 |0 (DE-625)rvk/123647: |0 (DE-576)201156059 |
| 936 | b | k | |a 71.31 |j Geschlechter und ihr Verhalten |0 (DE-627)106412655 |
| 936 | b | k | |a 71.33 |j Frau |x Soziologie |0 (DE-627)106412671 |
| 936 | s | n | |a m200 |2 mzub |
| 936 | s | n | |a n100 |2 mzub |
| 951 | |a BO | ||
| ELC | |b 1 | ||
| LOK | |0 000 xxxxxcx a22 zn 4500 | ||
| LOK | |0 001 3128465819 | ||
| LOK | |0 003 DE-627 | ||
| LOK | |0 004 025615084 | ||
| LOK | |0 005 20151116140004 | ||
| LOK | |0 008 150728||||||||||||||||ger||||||| | ||
| LOK | |0 035 |a (DE-21-110)kd6513 | ||
| LOK | |0 040 |a DE-21-110 |c DE-627 |d DE-21-110 | ||
| LOK | |0 689 |a s |a Geschlechtsrolle | ||
| LOK | |0 852 |z Kein Bestand am IfK; Nachweis für KrimDok | ||
| LOK | |0 852 |a DE-21-110 | ||
| LOK | |0 852 1 |9 00 | ||
| LOK | |0 935 |a k110 | ||
| LOK | |0 939 |a 28-07-15 |b l01 | ||
| ORI | |a SA-MARC-krimdoka001.raw | ||
| TIM | |a 100014000101_100018001231 |b Geschichte 1400-1800 | ||
